Những quy định pháp luật về bảo vệ và phát triển rừng

Sparad:
Bibliografiska uppgifter
Materialtyp: Bok
Språk:Undetermined
Publicerad: H. CTQG 2003
Ämnen:
Taggar: Lägg till en tagg
Inga taggar, Lägg till första taggen!
Thư viện lưu trữ: Trung tâm Học liệu Trường Đại học Cần Thơ
LEADER 00473nam a2200169Ia 4500
001 CTU_58731
008 210402s9999 xx 000 0 und d
020 |b 27000 
082 |a 346.59704675 
082 |b Nh556 
245 0 |a Những quy định pháp luật về bảo vệ và phát triển rừng 
260 |a H. 
260 |b CTQG 
260 |c 2003 
650 |a forestry law 
904 |i Minh 
980 |a Trung tâm Học liệu Trường Đại học Cần Thơ